| 000 | 00987nam a2200229Ia 4500 | ||
|---|---|---|---|
| 001 | 19854 | ||
| 003 | GE_BSU | ||
| 008 | 181216s||||||||xx |||||||||||||| ||und|| | ||
| 040 | _cGE_BSU | ||
| 080 | _a02 | ||
| 245 | _aსაბიბლიოთეკო მარკეტინგი | ||
| 245 | _cშემგდ.გ. თაყნიაშვილი, თ.იოსავა. რედ. ლ.ზამბახიძე | ||
| 250 | _aსაქართველოს პარლამენტის ეროვნული ბიბლიოთეკა | ||
| 260 | _aთბილისი | ||
| 260 | _c2011 | ||
| 300 | _a32გვ. | ||
| 541 | _h2ლ.80თ. | ||
| 653 | _aბიბლიოთეკარი | ||
| 653 | _aსაბიბლიოთეკო მარკეტინგის/საქართველოს პარლამენტის ეროვნული ბიბლიოთეკა | ||
| 653 | _aქსეროქსი | ||
| 942 | _cBK | ||
| 999 |
_c52824 _d52824 |
||